00478nam a2200145 a 450000100100000000500170001000800410002704000250006810000260009324500340011926000350015330000220018895201050021099900170031500003196820200930063324.0110707s19uu dr 000 0 spa d aDO-SdBNPbspacBNPHU1 aDelanoy, Oscar95739310aDoña Lola /cOscar Delanoy. c[Santo Domingo :bs.n,c196?]. a[80] p. ;c23 cm. 0010718PDaPDbPDcHDd2011-07-07iLF1l0o p31968-10r2020-06-25w2020-06-25yLFPDZNo se presta c31459d31459